000 00542nam a2200181 a 4500
001 10073
003 CO-ViMGA
008 141112s2004 ck r 000 u spa d
040 _aCO-ViMGA
_bspa
_cCO-ViMGA
082 0 4 _a309.186 G65e
100 1 _aGomez Latorre ; Armando,
_912704
245 1 0 _aEnfoque social de la Revolución Comunera
260 _aBogotá :
_bInstituto Colombiano de Cultura,
_c1973
300 _a269p.
650 1 4 _aINSURRECCION DE LOS COMUNEROS - 1781
_912705
650 1 4 _aSOCIOLOGIA - COLOMBIA
_912706
942 _2ddc
_cBK
999 _c21447
_d21447